Vietnam philosophical thought issues of the past and modern age

Enregistré dans:
Détails bibliographiques
Autres auteurs: Phạm Văn Đức 1941-2007, Trần Tuấn Phong 1942-
Format: Livre
Langue:English
Publié: H. Đại học sư phạm 2017
Sujets:
Tags: Ajouter un tag
Pas de tags, Soyez le premier à ajouter un tag!
Thư viện lưu trữ: Mạng thư viện Đại học Đà Nẵng
LEADER 01185nam a2200337 4500
001 000025398
003 21891
005 20171006101032.0
008 171006s2017 engsd
020 |a 978-604-54-3367-6 
041 0 |a eng 
082 1 4 |a 181.197  |b Vie 
245 0 0 |a Vietnam philosophical thought issues of the past and modern age  |c Pham Van Duc, Tran Tuan Phong editors 
260 |a H.  |b Đại học sư phạm  |c 2017 
300 |a 400 tr.  |c 24 cm. 
650 0 4 |a Thought, philosophical  |z Vietnam 
650 0 4 |a Tư tưởng triết học  |z Việt Nam 
653 |a Triết học Việt Nam 
653 |a Tư tưởng Việt Nam 
700 1 |a Phạm Văn Đức  |d 1941-2007 
700 1 |a Trần Tuấn Phong  |d 1942- 
OWN |a LSP 
AVA |a UDN50  |b LSP  |d 181.197 Vie  |e available  |t Error 5001 Not defined in file expand_doc_bib_avail.  |f 5  |g 0  |h N  |i 0  |k 1 
999 |a From the UDN01 
AVA |a UDN50  |b LSP  |d 181.197 Vie  |e available  |t Error 5001 Not defined in file expand_doc_bib_avail.  |f 5  |g 0  |h N  |i 0  |k 1 
TYP |a Monograph 
TYP |a Printed language 
980 |a Mạng thư viện Đại học Đà Nẵng